000 00534cam a22001934a 4500
005 20250605164154.0
008 250528s ||||||||||||||||||||||||d
035 _a19490
020 _a9601203478
040 _aGR-AtMCL
_bgre
_dGR-AtMCL
_eAACR2
245 1 _aΠΑΙΔΙΚΗ ΑΝΑΠΤΥΞΗ ΚΑΙ ΥΓΕΙΑ
250 _a1
260 _bUniversity Studio Press,
_c1993
300 _a214
700 1 _aΤσιλιγκιρογλου - Φαχαντιδου Αννα
_95736
942 _cBK
999 _c4746
_d4746